000 00686nam a22001697a 4500
005 20120206122436.0
008 120206t xxu||||| |||| 00| 0 eng d
020 _a8120322460
_c195.00
035 _aB-106409
040 _aDPL
_bENG
100 _aBuyens, Jim
_940892
245 _aFaster smarter beginning programming :
_bTake charge of Microsoft visual basic- faster, smarter, better /
_cby Jim Buyens
260 _aNew Delhi
_bPrentice-Hall of India
_c2003
300 _axiii, 334p.
_c22 cms.
942 _2ddc
_cEN
_h005.133
_mBUY
999 _c62015
_d62015